Célébrités originaires de Toulouse - Statistiques

Statistiques générales
  • Ce quiz a été pris 96 fois
  • Le résultat moyen est 7 sur 16
Statistiques - réponses
Par images Hint Réponse % Correct
Rappeurs Bigflo et Oli
97%
Nageur Léon Marchand
85%
Youtubeur Tibo InShape
84%
Youtubeur Djilsi
79%
Footballeur Blaise Matuidi
74%
Chanteuse Jain
61%
Rugbyman Fréderic Michalak
55%
Humouristes Les Chevaliers du Fiel
48%
Rappeur Laylow
35%
Groupe de musique Emiles et Images
13%
Acteur Théo Fernandez
13%
Ecrivain Bernard Werber
11%
Chanteur Jean-Pierre Mader
10%
Groupe de musique Cats on Trees
7%
Mannequin Tina Kunakey
4%
Youtubeuse Léa Camillieri
2%
Aucun quiz correspondant
Distribution des résultats
% des personnes avec chaque résultat
Percentile par nombre de réponses
Votre historique - résultats
Vous n’avez pas pris ce quiz